01125nam a22002537a 450000500170000000700150001700800410003202000220007303500100009504000090010510000210011424501550013525600240029026000570031430000280037150602700039965000270066965000410069670000190073770000190075670000170077574000380079285600410083020240305165624.0cr|||| |||| 211229s2019 eu |||||s||||i00||0 eng d a978-92-76-11208-2 a34058 avLex1 aRomieu, Violaine10aImplementation of the EMFF in outermost regionsh[Recurso electrónico] :bFinal report /cViolaine Romieu, Tanguy Chever, Bruno Bordeau, Safa Souidi aServicio en línea aBruselas:bEuropean Union Publications Office,c2019 a1 recurso electrónico1 aDisponible solo en los productos indicadosdvLex GlobaldvLex Global (Academic Edition, excluding Law Schools)dvLex Global (U.S. Academic Edition, Law Schools)dvLex Global (U.S. Academic Edition, excluding Law Schools)dvLex Global (Academic Edition, Law Schools)04aPescazUnión Europea04aDerecho ComunitariozUnión Europea1 aChever, Tanguy1 aBordeau, Bruno1 aSouidi, Safa0 avLex Libros (Servicio en línea)40uhttps://app.vlex.com/#/sources/34058